000 00412nam a2200157 i 4500
001 78651
003 ES-MaACL
005 20230906173756.0
007 t|
008 041015s1920 xxk ||||1| eng d
100 1 _aHavell, E. B.
_962146
245 1 4 _aThe ideals of indian Art /
_cby E.B. Havell.
260 _aLondon :
_bJohn Murray,
_c1920.
300 _a188 p. :
_bil. ;
_c25 cm.
852 _aES-MaACL
_jC-1440
999 _c78651
_d78651